Encyclopedia of management Vol-9 : the credit controller's (Record no. 185560)
[ view plain ]
| 000 -LEADER | |
|---|---|
| fixed length control field | 00461nam a2200157Ia 4500 |
| 005 - DATE AND TIME OF LATEST TRANSACTION | |
| control field | 20250324143558.0 |
| 008 - FIXED-LENGTH DATA ELEMENTS--GENERAL INFORMATION | |
| fixed length control field | 231217s9999 xx 000 0 und d |
| 020 ## - INTERNATIONAL STANDARD BOOK NUMBER | |
| International Standard Book Number | 9788184082265 |
| 082 ## - DEWEY DECIMAL CLASSIFICATION NUMBER | |
| Classification number | 658.003 WIL.9;1 R |
| 100 ## - MAIN ENTRY--PERSONAL NAME | |
| Personal name | Manson, Roger. |
| 245 #0 - TITLE STATEMENT | |
| Title | Encyclopedia of management Vol-9 : the credit controller's |
| 260 ## - PUBLICATION, DISTRIBUTION, ETC. (IMPRINT) | |
| Date of publication, distribution, etc. | 2009 |
| Name of publisher, distributor, etc. | Indiana Publishing house |
| Place of publication, distribution, etc. | New Delhi |
| 300 ## - PHYSICAL DESCRIPTION | |
| Extent | 325 |
| 650 ## - SUBJECT ADDED ENTRY--TOPICAL TERM | |
| Topical term or geographic name as entry element | management,Vol-9,credit,controller's |
| 942 ## - ADDED ENTRY ELEMENTS (KOHA) | |
| Koha item type | Books |
| Date last seen | Total Checkouts | Full call number | Accession number | Old discount | Volume/Issue Number | Uniform Resource Identifier | Cost, replacement price | Price effective from | Category | Public note | Lost status | Damaged status | Department | Withdrawn status | bill no. | bill date | Permanent Location | Current Location | Shelving location | Entry date | Vendor | Cost, normal purchase price | Grants | Currency symbol | Conversion rate | Discount | Discount type |
|---|---|---|---|---|---|---|---|---|---|---|---|---|---|---|---|---|---|---|---|---|---|---|---|---|---|---|---|
| 26/01/2024 | 658.003 WIL.9;1 R | 59428 | 30 | 9 | digital/contents/59428.pdf | 1010.73 | 26/01/2024 | Books | (Set of 9 vol) | MBA | 1977 | 22/08/2014 | Central Library | Central Library | MBA | 01/06/2010 | Shakthi | 1443.90 | MBA | RS | 1 | 433.17 | Rupees |
